CREATIVE ETHICAL PRACTICE IN COUNSELLING & PSYCHOTHERAPY (Record no. 15053)

MARC details
000 -LEADER
fixed length control field 00287nam a22001217a 4500
003 - CONTROL NUMBER IDENTIFIER
control field SGT
082 ## - DEWEY DECIMAL CLASSIFICATION NUMBER
Classification number 158.3
Item number C12O
100 ## - MAIN ENTRY--PERSONAL NAME
Personal name OWENS, PATTI
245 ## - TITLE STATEMENT
Title CREATIVE ETHICAL PRACTICE IN COUNSELLING & PSYCHOTHERAPY
260 ## - PUBLICATION, DISTRIBUTION, ETC. (IMPRINT)
Place of publication, distribution, etc ANGELES
Name of publisher, distributor, etc SAGE
Year of Publication 2012
300 ## - PAGE DESCRIPTION
No. of Pages 126
942 ## - ADDED ENTRY ELEMENTS (KOHA)
Source of classification or shelving scheme Dewey Decimal Classification
Koha item type Rare Books
Holdings
Withdrawn status Lost status Source of classification or shelving scheme Damaged status Not for loan Collection code Home library Current library Shelving location Date acquired Vendor Name SGTU Full call number Accession No. (Barcode) Date last seen Bill Date Koha item type
    Dewey Decimal Classification   Not For Loan MEDICAL SGT Medical Library SGT Medical Library Reference Book 05/02/2018 ABC SGTU 158.3 C12O FM10357 05/02/2018 05/02/2018 Books